000 00539nam a2200193Ia 4500
005 20250326144950.0
008 250326s9999 xx 000 0 und d
020 _a81-7629-687-2
037 _aTextbook
040 _aFMSL
_beng
_cFMSL
041 _aeng
_2eng
084 _aX65 P5
_qFMSL
100 _aVashisht A K
245 0 _aInvestment management and stock market
_cVashisht A K; Gupta R K
260 _aNew Delhi
_bNew Delhi, Deep & Deep
_c2005
300 _a439p
942 _cTB
_hX65 P5
999 _c1305831
_d1305831